| 000 | 00587nam a2200157Ia 4500 | ||
|---|---|---|---|
| 003 | GCL | ||
| 008 | 140319s9999 xx 000 0 ara d | ||
| 020 | _a7489100977 | ||
| 040 |
_aGCL / _cGCL |
||
| 082 | 0 | 4 |
_a621.381 _bف د |
| 100 | 1 | _aفاروق محمد العامرى | |
| 245 | 1 | 0 |
_aالدوائر الالكترونية العملية للفونوغرافو الاضواء الموسيقية / _cفاروق محمد العامرى |
| 250 | _aالاولى | ||
| 260 |
_aالقاهرة : _bالدار المصرية اللبنانية ، _c1993 |
||
| 300 |
_a82 ص: _bايض ؛ _c24 سم |
||
| 999 |
_c4961 _d4961 |
||